Diplomatari de Pere el Gran : cartes i pergamins (1258 - 1285) / edició i estudi a cura de: Stefano M. Cingolani cartes i pergamins (1258 - 1285) / edició i estudi a cura de:
ISBN:
978-84-9975-135-1
Descripción Física:
879 p. ; 24 cm
Colección:
Diplomataris ; 62
MARC
| LEADER | 00000nam a2200000Ia 4500 | ||
|---|---|---|---|
| 001 | 23247 | ||
| 008 | 160829s2011 xx 000 0 cat d | ||
| 020 | |a 978-84-9975-135-1 | ||
| 080 | |a A-3-19 | ||
| 245 | |a Diplomatari de Pere el Gran : |b cartes i pergamins (1258 - 1285) / edició i estudi a cura de: |b Stefano M. Cingolani | ||
| 260 | |a Barcelona : |b Fundació Noguera ; Lleida : |b Pagès Editors, |c 2011 | ||
| 300 | |a 879 p. ; |c 24 cm | ||
| 490 | |a Diplomataris ; 62 | ||
| 590 | |a Bibliografia | ||
| 600 | 0 | 0 | |a Pere |b II, |c rei de Catalunya-Aragó, |d 1240-1285 |9 55612 |
| 650 | |a Catalunya |x Història |x 1276-1285, Pere II |x Fonts |9 46509 | ||
| 700 | |a Cingolani, Stefano Maria, ed. |9 46510 | ||
| 700 | |a Fundació Noguera |9 70407 | ||
| 901 | |a Arxiu | ||
| 942 | |n 1 | ||
| 952 | |0 0 |1 0 |4 0 |6 A319 |7 1 |9 53254 |a Arxiu |b Arxiu |d 2011-09-09 |l 0 |o A-3-19 |p 23247 |r 2016-12-01 00:00:00 |w 2016-12-01 |y ARXIU | ||
| 999 | |c 57118 |d 57118 | ||